000 00831nam a2200253Ia 4500
003 OSt
005 20220923211112.0
006 a|||||r|||| 00| 0
007 ta
008 220922b |||||||| |||| 00| 0 hin d
020 _a8181431804 (hbk)
_c195
024 _a242,595
037 _b515, 08/03/2010, Vani Prakashan
_cTextual
040 _aARTS
_cARTS
_bhin
041 _2hin
_ahin
082 _aY2, 152P4
100 _aधर्मवीर, संपा.
_9156275
245 0 _aसीमन्तनी उपदेश
246 _aSīhintanī upadesha
260 _aनयी दिल्ली
_b वाणी प्रकाशन
_c2004
300 _a112पृ.
_ccm.
942 _hY2, 152P4
_cTEXL
_2CC
999 _c295279
_d295279